Dutch Prime Ministers after WW2 - Statistics

General Stats
  • This quiz has been taken 18 times
  • The average score is 10 of 18
Answer Stats
Time frame Political party of the Prime Minister Answer % Correct
2002-2010 Christian Democratic Appeal (CDA) Jan Peter Balkenende
100%
2010-2024 People's Party for Freedom and Democracy (VVD) Mark Rutte
100%
2026- Democrats 66 (D66) Rob Jetten
100%
2024-2026 Non-affiliated Dick Schoof
88%
1982-1994 Christian Democratic Appeal (CDA) Ruud Lubbers
75%
1948-1958 Labour Party (PvdA) Willem Drees
75%
1994-2002 Labour Party (PvdA) Wim Kok
75%
1977-1982 Christian Democratic Appeal (CDA) Dries van Agt
63%
1966-1967 Anti-Revolutionary Party (ARP) Jelle Zijlstra
50%
1973-1977 Labour Party (PvdA) Joop den Uyl
50%
1971-1973 Anti-Revolutionary Party (ARP) Barend Biesheuvel
38%
1959-1963 Catholic People's Party (KVP) Jan de Quay
38%
1965-1966 Catholic People's Party (KVP) Jo Cals
38%
1946-1948 Catholic People's Party (KVP) Louis Beel
38%
1958-1959 Catholic People's Party (KVP) Louis Beel
38%
1967-1971 Catholic People's Party (KVP) Piet de Jong
25%
1963-1965 Catholic People's Party (KVP) Victor Marijnen
25%
1945-1946 Free-thinking Democratic League (VDB)/Labour Party (PvdA) Wim Schermerhorn
25%
No matching quizzes found
Score Distribution
Percent of People with Each Score
Percentile by Number Answered
Your Score History
You have not taken this quiz